000 01118cam a2200301 4500
008 090401t1994 xxu||||| |||| 00| 0 eng d
020 _a0854066535
022 _a1369-5630
035 _a(Sirsi) u60559
041 _aeng
050 _a692.8
_c18
090 _aRICS 1994/46ABCD
100 _aBound, Chris
245 _aContracts in use
_ba survey of building contracts in use during 1993
250 _a6th ed.
260 _aLondon
_bRICS
_c1994
300 _a6p.
_c30cm.
350 _a5
490 _aContracts in Use
_v1993
650 _aBUILT ENVIRONMENT-BUILDING CONTRACT FORMS-STANDARD FORMS OF BUILDING CONTRACT-GC/WORKS CONTRACTS
650 _aBUILT ENVIRONMENT-BUILDING CONTRACT FORMS-STANDARD FORMS OF BUILDING CONTRACT-INSTITUTION OF CIVIL ENGINEERS CONTRACTS
650 _aBUILT ENVIRONMENT-BUILDING CONTRACT FORMS-STANDARD FORMS OF BUILDING CONTRACT-JOINT CONTRACTS TRIBNUAL CONTRACTS
690 _aBUILT ENVIRONMENT-BUILDING CONTRACT FORMS
710 _aRoyal Institution of Chartered Surveyors
_94900
710 _aDavis Langdon and Everest
_91155
942 _n0
948 _c04/03/1997
999 _c94240
_d94240